[Event "Pan American-ch Hybrid U12 31st"]
[Site "Tornelo INT"]
[Date "2021.09.04"]
[Round "7"]
[White "Muthukumaran, Gurru"]
[Black "Montevilla Cahuasa, Jonathan Isaac"]
[Result "0-1"]
[WhiteElo "1620"]
[BlackElo "1473"]
[PlyCount "100"]
[EventDate "2021.09.04"]
[EventType "swiss"]
[EventRounds "9"]
[EventCountry "NET"]
[SourceTitle "EXT 2023"]
[Source "ChessBase"]
[SourceDate "2022.10.05"]
[SourceVersion "1"]
[SourceVersionDate "2022.10.05"]
[SourceQuality "1"]

1. e4 c5 2. Nc3 g6 3. Bc4 Bg7 4. Qf3 e6 5. d4 cxd4 6. Nb5 d5 7. exd5 a6 8. dxe6 fxe6 9. Qa3 Bf8 10. Qa4 Nc6 11. Na3 Bb4+ 12. Kf1 Nf6 13. Nf3 0-0 14. Bh6 Re8 15. Rd1 Nd7 16. c3 Nb6 17. Qb3 Bxa3 18. bxa3 Na5 19. Qb4 Nbxc4 20. Rxd4 Qb6 21. Qa4 Qb5 22. Qxb5 axb5 23. Ke2 e5 24. Rd5 Bg4 25. h3 Bxf3+ 26. Kxf3 e4+ 27. Kg3 e3 28. Re1 e2 29. Kf3 Ne5+ 30. Kg3 Nf7 31. Be3 Nc4 32. Rxe2 Rxa3 33. Rxb5 Rxc3 34. Rc5 Nxe3 35. Rxc3 Nf5+ 36. Kf3 Nd4+ 37. Kg4 h5+ 38. Kf4 Nxe2+ 39. Kf3 Nxc3 40. a4 Nxa4 41. Kf4 b5 42. f3 b4 43. g4 hxg4 44. hxg4 b3 45. Kg3 b2 46. f4 b1Q 47. f5 g5 48. f6 Re3+ 49. Kf2 Qe1+ 50. Kg2 Rg3+ 0-1

[Event "Pan American-ch Hybrid U12 31st"]
[Site "Tornelo INT"]
[Date "2021.09.04"]
[Round "6"]
[White "Vasquez Florez, Yoshua Marcelo"]
[Black "Muthukumaran, Gurru"]
[Result "0-1"]
[WhiteElo "1053"]
[BlackElo "1620"]
[PlyCount "74"]
[EventDate "2021.09.04"]
[EventType "swiss"]
[EventRounds "9"]
[EventCountry "NET"]
[SourceTitle "EXT 2023"]
[Source "ChessBase"]
[SourceDate "2022.10.05"]
[SourceVersion "1"]
[SourceVersionDate "2022.10.05"]
[SourceQuality "1"]

1. d4 Nf6 2. Bf4 g6 3. e3 Bg7 4. Nf3 d6 5. c4 Nbd7 6. Nc3 0-0 7. Qd2 Re8 8. 0-0-0 b6 9. e4 Bb7 10. d5 Nh5 11. Bh6 e6 12. g4 Nhf6 13. Bxg7 Kxg7 14. g5 Nh5 15. Be2 exd5 16. exd5 f6 17. Nd4 Nf8 18. Bxh5 gxh5 19. gxf6+ Qxf6 20. Rhg1+ Kh8 21. Ncb5 Re7 22. Rg5 a6 23. Nf5 Re4 24. Nbd4 Rae8 25. Rdg1 Re1+ 26. Rxe1 Rxe1+ 27. Kc2 Re5 28. Rxh5 Bc8 29. Qd3 Ng6 30. Qf3 Bxf5+ 31. Nxf5 Ne7 32. Qh3 Rxf5 33. Rxh7+ Kg8 34. Rxe7 Rxf2+ 35. Kd1 Qd4+ 36. Kc1 Qd2+ 37. Kb1 Qd1# 0-1